000 00302nam a2200109Ia 4500
008 230907s9999||||xx |||||||||||||| ||und||
082 _a3
_bWAS
100 _aWasson, Charles S.,
_9116132
245 0 _aSystem engineering analysis, design, and development :
300 _axxvii, 846 pages :
942 _cBK
999 _c601152
_d601152